000 00603nam a2200181Ia 4500
008 090124s9999 xx 000 0 und d
082 _b124417
100 _aदाभोलकर नरेंद्र
245 _a अंधश्रद्धा विनाशाय
250 _a1
260 _c1991
300 _a215
600 _aदाभोलकर नरेंद्र
630 _a अंधश्रद्धा विनाशाय
700 _aदाभोलकर नरेंद्र
730 _a अंधश्रद्धा विनाशाय
942 _cBOOK
999 _c170504
_d170504